Tài chánh công ty

שמור ב:
מידע ביבליוגרפי
מחבר ראשי: SIMON Z BENNINGA
פורמט: ספר
שפה:Undetermined
יצא לאור: New York Fulbright Economics Teaching Program
נושאים:
תגים: הוספת תג
אין תגיות, היה/י הראשונ/ה לתייג את הרשומה!
Thư viện lưu trữ: Trung tâm Học liệu Trường Đại học Cần Thơ
LEADER 00479nam a2200157Ia 4500
001 CTU_48219
008 210402s9999 xx 000 0 und d
082 |a 658.15 
082 |b B469v 
100 |a SIMON Z BENNINGA 
245 0 |a Tài chánh công ty 
245 0 |c SIMON Z BENNINGA, Oded H. Sarig 
260 |a New York 
260 |b Fulbright Economics Teaching Program 
650 |a financial institution - management 
980 |a Trung tâm Học liệu Trường Đại học Cần Thơ